[Event "2nd Vergani Cup 2018"]
[Site "Villorba ITA"]
[Date "2018.01.07"]
[Round "9.3"]
[White "Blohberger, Felix"]
[Black "Berkes, Ferenc"]
[Result "1/2-1/2"]
[WhiteTitle "FM"]
[BlackTitle "GM"]
[WhiteElo "2367"]
[BlackElo "2662"]
[WhiteFideId "1632051"]
[BlackFideId "718572"]
[EventDate "2018.01.02"]

1. Nf3 d6 2. d4 Nf6 3. g3 g6 4. b3 Bg7 5. Bb2 O-O 6. Bg2 c5 7. O-O cxd4 8. Nxd4
d5 9. c4 dxc4 10. Na3 cxb3 11. axb3 Ng4 12. Nc4 Ne5 13. e3 Nbc6 14. Nxc6 Nxc6
15. Bxg7 Kxg7 16. Qxd8 Rxd8 17. Bxc6 bxc6 18. Nb6 Rb8 19. Nxc8 Rdxc8 20. Rxa7
Kf6 21. Rc1 Rxb3 22. Ra6 e6 23. Raxc6 Rxc6 24. Rxc6 g5 25. Rc4 h6 1/2-1/2

[Event "2nd Vergani Cup 2018"]
[Site "Villorba ITA"]
[Date "2018.01.07"]
[Round "9.4"]
[White "Korobov, Anton"]
[Black "Mesaros, Florian"]
[Result "1/2-1/2"]
[WhiteTitle "GM"]
[BlackTitle "IM"]
[WhiteElo "2652"]
[BlackElo "2406"]
[WhiteFideId "14105730"]
[BlackFideId "1629220"]
[EventDate "2018.01.02"]

1. d4 d5 2. c4 e6 3. Nf3 Nf6 4. Nc3 Bb4 5. Bg5 dxc4 6. e4 c5 7. Bxc4 cxd4 8.
Nxd4 Qa5 9. Bxf6 Bxc3+ 10. bxc3 Qxc3+ 11. Kf1 gxf6 12. Bb5+ Ke7 13. Rc1 Qa5 14.
Qe2 Bd7 15. e5 f5 16. g4 fxg4 17. Rg1 h5 18. Rg3 a6 19. Bc4 Nc6 20. Nxc6+ Bxc6
21. Qe3 Rad8 22. Qf4 Kd7 23. Qxf7+ Kc8 24. Qxe6+ Kb8 25. Rd3 Rxd3 26. Bxd3 Rd8
27. Rxc6 bxc6 28. Qb3+ Ka7 29. Qc4 Qb5 30. Qf7+ Qb7 31. Qc4 Qb5 32. Qf7+ Qb7 33.
Qc4 Qb5 1/2-1/2

[Event "2nd Vergani Cup 2018"]
[Site "Villorba ITA"]
[Date "2018.01.07"]
[Round "9.5"]
[White "Kveinys, Aloyzas"]
[Black "Iniyan, P"]
[Result "1-0"]
[WhiteTitle "GM"]
[BlackTitle "IM"]
[WhiteElo "2547"]
[BlackElo "2466"]
[WhiteFideId "12800040"]
[BlackFideId "25002767"]
[EventDate "2018.01.02"]

1. d4 Nf6 2. c4 g6 3. Nf3 Bg7 4. g3 O-O 5. Bg2 d6 6. O-O Nc6 7. Nc3 a6 8. Bf4 h6
9. Rc1 g5 10. Be3 Ng4 11. Ne1 f5 12. Qd2 e5 13. dxe5 f4 14. gxf4 gxf4 15. Bxf4
Rxf4 16. Qxf4 Bxe5 17. Qe4 Bxh2+ 18. Kh1 Nce5 19. Bh3 Qh4 20. Qg2 Kh8 21. Bxg4
Bf4+ 22. Qh3 Qxh3+ 23. Bxh3 Bxh3 24. Ng2 Bxg2+ 25. Kxg2 Rg8+ 26. Kh3 Bxc1 27.
Rxc1 Nxc4 28. Nd5 b5 29. b3 c6 30. Ne7 Re8 31. Nxc6 Rxe2 32. bxc4 Rxf2 
33. a4 {...} 1-0

[Event "2nd Vergani Cup 2018"]
[Site "Villorba ITA"]
[Date "2018.01.07"]
[Round "9.6"]
[White "Tanriverdi, Enes"]
[Black "Rahul, Srivatshav P"]
[Result "1/2-1/2"]
[WhiteTitle "FM"]
[WhiteElo "2259"]
[BlackElo "2317"]
[WhiteFideId "34543279"]
[BlackFideId "25059653"]
[EventDate "2018.01.02"]

1. d4 Nf6 2. c4 g6 3. Nf3 Bg7 4. g3 O-O 5. Bg2 d6 6. O-O Nc6 7. Nc3 a6 8. b3 e5
9. dxe5 dxe5 10. Ba3 Re8 11. Qxd8 Rxd8 12. Rad1 Bf5 13. h3 Rxd1 14. Rxd1 Rd8 15.
Rxd8+ Nxd8 16. g4 Be6 17. Ng5 Bd7 18. Nd5 Nxd5 19. cxd5 b6 20. Be7 Nb7 21. Ne4
f5 22. Ng5 e4 23. e3 1/2-1/2